000 00847nam a2200229 i 4500
003 IT-RoINE
005 20190919065558.0
008 030428m18401841it |r |||0|||ita|d
040 _cIT-RoINE
_dIT-RoINE
100 1 _aZaccaria, Francesco Antonio,
_cS.I.,
_d1714-1795
_951684
245 1 0 _aRaccolta di dissertazioni di storia ecclesiastica in italiano, scritte o tradotte dal francese ... /
_cper cura di Francesco Antonio Zaccaria.
250 _a2ª ed.
260 _aRoma :
_bTipografia Ferretti,
_c1840-1841.
300 _a4 v. ;
_c26 cm.
336 _2rdacontent
_atext
337 _2rdamedia
_aunmediated
338 _2rdacarrier
_avolume
500 _aTexto en dos columnas.
504 _aIncluye referencias bibliográficas en notas.
610 2 4 _944582
_aIglesia Católica
_xHistoria
_vDiscursos, ensayos, conferencias
942 _cMTS
999 _c26093
_d26093